Statistiques concernant Effectif détaillé de l'Olympique de Marseille saison 2023-2024

Cliquez ici pour prendre le quiz!

Statistiques générales

  • Ce quiz a été pris 117 fois
  • Le résultat moyen est 22 sur 28

Statistiques - réponses

NationalitéAncien clubPosteNuméroRéponse% Correct
EspagneAS RomaGardien16Pau Lopez
95%
FranceRC LensDefenseur7Jonathan Clauss
93%
Congo DRFC PortoDefenseur99Chancel Mbemba
92%
FranceAS RomaMilieu27Jordan Veretout
92%
EspagneAthletic BilbaoCoachMarcelino
91%
FranceSpartak MoscouDefenseur4Samuel Gigot
91%
ArgentineBorussia DortmundDefenseur5Leonardo Balerdi
90%
FranceArsenal FCMilieu6Mattéo Guendouzi
90%
GabonChelsea FCAttaquant10Pierre-Emerick Aubameyang
90%
FranceFC NantesMilieu21Valentin Rongier
90%
Republique
Centrafricaine
Atlético MadridMilieu19Geoffrey Kondogbia
89%
BrésilAtlético MadridDefenseur12Renan Lodi
89%
MarocFC Schalke 04Milieu11Amine Harit
88%
MarocAngers SCOMilieu8Azzedine Ounahi
88%
SénégalSheffield UnitedAttaquant29Iliman Ndiaye
86%
SénégalWatford FCAttaquant23Ismaïla Sarr
86%
TurquieAS RomaMilieu17Cengiz Under
85%
EspagneCelta VigoGardien36Ruben Blanco
84%
PortugalSC BragaAttaquant9Vitinha
84%
SénégalLe Havre ACMilieu22Pape Gueye
75%
UkraineAtalanta BergameMilieu18Ruslan Malinovskyi
73%
FranceLe Havre ACDefenseur95Isaak Touré
72%
EspagneACF FiorentinaDefenseurPol Lirola
64%
CamerounFormé à l'OMGardien1Simon Ngapandouetnbu
63%
CamerounFormé à l'OMAttaquant24François Mughe
61%
AngleterreFormé à l'OMMilieu37Emran Soglo
60%
FranceAston VillaDefenseurJordan Amavi
43%
FranceOGC NiceAttaquant34Bilal Nadir
40%

Distribution des résultats

Percentile par nombre de réponses

% des personnes avec chaque résultat

Votre développement - résultats

Vous n’avez pas pris ce quiz